| 000 | 00430 a2200145 4500 | ||
|---|---|---|---|
| 020 | _a0071342303 | ||
| 082 | _a624.0684 LEV | ||
| 100 | _aLevy, Sidney M. | ||
| 245 |
_aProject management in construction _cSidney M. Levy. |
||
| 250 | _a3rd ed. | ||
| 260 |
_aNew York : _bMcGraw Hill, _c2000. |
||
| 300 |
_axiv, 401 p. : _bill. ; _c24 cm. |
||
| 650 |
_aConstruction industry _xManagement. |
||
| 650 | _aProject management. | ||
| 650 |
_aBuilding _xSuperintendence. |
||
| 999 |
_c290 _d290 |
||